[Les réprouvés et les élus / (Record no. 182022)
[ view plain ]
| 000 -LEADER | |
|---|---|
| campo de control de longitud fija | 00746nam a2200217 i 4500 |
| 001 - NÚMERO DE CONTROL | |
| campo de control | 182022 |
| 003 - IDENTIFICADOR DE NÚMERO DE CONTROL | |
| campo de control | ES-MaACL |
| 005 - FECHA Y HORA DE LA ÚLTIMA TRANSACCIÓN | |
| campo de control | 20250709063238.0 |
| 008 - DATOS DE LONGITUD FIJA--INFORMACIÓN GENERAL | |
| campo de control de longitud fija | 130524q18501890fr a | |||||||| ||fre d |
| 100 1# - ENTRADA PRINCIPAL--NOMBRE DE PERSONA | |
| Nombre de persona | Souvestre, Émile, |
| Fechas asociadas al nombre | 1806-1854 |
| 9 (RLIN) | 107604 |
| 245 14 - MENCIÓN DEL TÍTULO | |
| Título | [Les réprouvés et les élus / |
| Mención de responsabilidad, etc. | par Émile Souvestre]. |
| 260 ## - PUBLICACIÓN, DISTRIBUCIÓN, ETC. | |
| Lugar de publicación, distribución, etc. | [S.l. : |
| Nombre del editor, distribuidor, etc. | s.n., |
| Fecha de publicación, distribución, etc. | s.a.] ( |
| Lugar de fabricación/manufactura | Poissy : |
| Fabricante | Typ. Arbieu) |
| 300 ## - DESCRIPCIÓN FÍSICA | |
| Extensión | 183 p. : |
| Otras características físicas | il. ; |
| Dimensiones | 30 cm. |
| 594 ## - Nota al título y mención de responsabilidad | |
| Nota al título y mención de responsabilidad | Tit. y autor tomados de la pag.1. |
| 596 ## - NOTA AL PIE DE IMPRENTA | |
| NOTA AL PIE DE IMPRENTA | El pie de imp. consta en colofón. |
| 596 ## - NOTA AL PIE DE IMPRENTA | |
| NOTA AL PIE DE IMPRENTA | Impreso en el siglo XIX. |
| 597 ## - NOTA DE DESCRIPCIÓN FÍSICA | |
| NOTA DE DESCRIPCIÓN FÍSICA | Texto a dos col. |
| 599 ## - NOTA A LAS ILUSTRACIONES | |
| NOTA A LAS ILUSTRACIONES | La il. en pag.1. |
| 852 ## - LOCALIZACIÓN | |
| Ubicación | ES-MaACL |
| Número de control de estantería | R-1711(16) |
| condición física | .- Ejempl. sin portada en un vol. facticio |
| Estatus retirado | Estado de pérdida | Estado de daño | No para préstamo | Biblioteca de origen | Biblioteca actual | Ubicación en estantería | Fecha de adquisición | Fuente de adquisición | Total de préstamos | Signatura topográfica completa | Código de barras | Visto por última vez | Precio de reemplazo | Tipo de ítem Koha |
|---|---|---|---|---|---|---|---|---|---|---|---|---|---|---|
| Biblioteca del Ateneo de Madrid | Biblioteca del Ateneo de Madrid | Depósito | 24/05/2013 | R-1711(16) | 1191284 | 23/02/2023 | 23/02/2023 | Libro impreso |
